Zonálna metóda výberových skúmaní
Enregistré dans:
| Auteur principal: | |
|---|---|
| Autres auteurs: | , |
| Format: | Livre |
| Langue: | slovaque |
| Publié: |
Bratislava
Československý výskumný ústav práce
1968
|
| Collection: | Štúdie a materiály
zv. 7 |
| Tags: |
Pas de tags, Soyez le premier à ajouter un tag!
|
MARC
| LEADER | 00000nam a2200000 4500 | ||
|---|---|---|---|
| 001 | c122074 | ||
| 005 | 20181210151055.1 | ||
| 041 | 0 | |a slo | |
| 044 | |a SK | ||
| 245 | 1 | 0 | |a Zonálna metóda výberových skúmaní |c František Lipták, Ján Dzurko, Vladislav Stračár |
| 264 | 1 | |a Bratislava |b Československý výskumný ústav práce |c 1968 | |
| 300 | |a 65 s. | ||
| 490 | 1 | |a Štúdie a materiály |v zv. 7 | |
| 830 | 0 | |a Štúdie a materiály |v zv. 7 | |
| 100 | 1 | |a Lipták, František | |
| 700 | 1 | |a Dzurko, Ján | |
| 700 | 1 | |a Stračár, Vladislav | |